Library Banner

Adyan-e-aalam : ادیان عالم / (Record no. 97755)

MARC details
000 -LEADER
fixed length control field 00576nam a22001577a 4500
005 - DATE AND TIME OF LATEST TRANSACTION
control field 20170830102144.0
008 - FIXED-LENGTH DATA ELEMENTS--GENERAL INFORMATION
fixed length control field 170830b xxu||||| |||| 00| 0 eng d
020 ## - INTERNATIONAL STANDARD BOOK NUMBER
International Standard Book Number 9789695342916
040 ## - CATALOGING SOURCE
Transcribing agency PK-LaUMT
082 ## - DEWEY DECIMAL CLASSIFICATION NUMBER
Classification number 291
Item number MAN-A
100 ## - MAIN ENTRY--PERSONAL NAME
Personal name Manzoor Ahmad Bhutta = منظور احمد بھٹہ
245 ## - TITLE STATEMENT
Title Adyan-e-aalam : ادیان عالم /
Remainder of title aqaid-o-nazaryat ka taqabli jaizah = عقائدونظریات کا تقابلی جائزہ /
Statement of responsibility, etc Manzoor Ahmad Bhutta = منظور احمد بھٹہ
260 ## - PUBLICATION, DISTRIBUTION, ETC. (IMPRINT)
Place of publication, distribution, etc Multan :
Name of publisher, distributor, etc Beacon Books,
Date of publication, distribution, etc 2015
300 ## - PHYSICAL DESCRIPTION
Extent 96 p.
942 ## - ADDED ENTRY ELEMENTS (KOHA)
Koha item type Books
Holdings
Withdrawn status Lost status Damaged status Home library Current library Date acquired Full call number Barcode Date last seen Price effective from Koha item type
      UMT Main Campus UMT Main Campus 2017-08-30 291 MAN-A 113288 2024-01-30 2017-08-30 Books